000 00317nam a22001337a 4500
020 _a978-93-87911-14-7
082 _a894.812.3
_bNAM/K
100 _aNAMBOOTHIRIPPADU,HARISH R
245 _aKUNJUNNIYUM VALYUNNIYUM
260 _aTHRISSUR
_bH&C PUBLISHING HOUSE
300 _a48
650 _aSTORY
_zKERALA
942 _cBK
999 _c7101
_d7101